| 000 | 00000nam##2200000za#4500 |
| 001 | 9.675274 |
| 003 | CaOODSP |
| 005 | 20210624225200 |
| 007 | cr ||||||||||| |
| 008 | 150407|2006||||xxc|||||o f|0| 0 fre|d |
| 040 | |aCaOODSP|bfre |
| 041 | |aeng |
| 041 | |afre |
| 043 | |an-cn--- |
| 086 | 1 |aM86-32/2006-PDF |
| 110 | 1 |aCanada.|bRessources naturelles Canada. |bComité permanent canadien des noms géographiques. |
| 245 | 10|aNoms géographiques du Canada approuvés en anglais et en français : |h[ressource électronique]|bavec directives concernant la traduction |
| 260 | |aOttawa - Ontario : |bRessources naturelles Canada. |c2006. |
| 300 | |a74p.|bcarte |
| 590 | |a12-28-Supp|b2012-06-15 |
| 691 | 07|aToponymie|2gcpds |
| 791 | |tCanada's geographical names approved in English and French : |eeng|w(CaOODSP)9.675273 |
| 856 | 40|ahttp://publications.gc.ca|qPDF|s4.07 Mo|uhttps://publications.gc.ca/collections/collection_2011/rncan-nrcan/M86-32-2006.pdf |